| 000 | 00999nam a22002657a 4500 | ||
|---|---|---|---|
| 005 | 20240530110403.0 | ||
| 008 | 150127s2012 ua d f b 000 0 ara d | ||
| 017 |
_a2005/14988 _bمصر . دار الكتب المصرية |
||
| 040 | _aEG-CaGPL | ||
| 041 | 0 | _aara | |
| 082 | 0 | 4 |
_221 _a910.130712\ _bم ت |
| 100 | 0 | _aمحمد خميس الزوكة | |
| 245 | 1 | 2 |
_aالتخطيط الاقليمى وابعاده الجغرافية / _cمحمد خميس الزوكة |
| 260 |
_aالاسكندرية : _bدار المعارف الجامعية ، _c2012 |
||
| 300 |
_a331 ص : _bايض ، _c24 سم |
||
| 504 | _aببليوجرافية : ص 321 - 328 | ||
| 650 | 0 | 4 | _aالتخطيط |
| 650 | 0 | 4 |
_aالسكان _zمصر |
| 651 | 0 | 4 |
_aمصر _xالجغرافيا |
| 651 | 0 | 4 |
_aمصر _xالمدن الجديدة |
| 651 | 0 | 4 |
_aمصر _xالتنمية الاقتصادية |
| 651 | 0 | 4 |
_aمصر _xالتخطيط الاقليمى |
| 942 |
_2ddc _cBK |
||
| 999 |
_c60303 _d60303 |
||